[Event "EWIBCC 2019"]
[Site "Monte-Carlo"]
[Date "2019.11.29"]
[Round "11.19"]
[White "Rogule, Laura"]
[Black "Ovod, Evgenija"]
[Result "1-0"]
[WhiteElo "2293"]
[BlackElo "2347"]
[Annotator "NA"]
[PlyCount "133"]
[EventDate "2019.11.29"]
[EventType "swiss"]
[EventCountry "MNC"]
[SourceTitle "playchess.com"]
[Source "ChessBase"]
[SourceQuality "1"]
[TimeControl "180+2"]

1. c4 {[%emt 0:00:00]} e6 {[%emt 0:00:00]} 2. Nf3 {[%emt 0:00:01]} d5 {[%emt 0:00:00]} 3. e3 {[%emt 0:00:01]} Nf6 {[%emt 0:00:00]} 4. b3 {[%emt 0:00:03]} c5 {[%emt 0:00:04]} 5. Bb2 {[%emt 0:00:01]} Nc6 {[%emt 0:00:01]} 6. cxd5 {[%emt 0:00:07]} Nxd5 {[%emt 0:00:02]} 7. Be2 {[%emt 0:00:16]} f6 {[%emt 0:00:06]} 8. O-O {[%emt 0:00:16]} Be7 {[%emt 0:00:05]} 9. d4 {[%emt 0:00:10]} O-O {[%emt 0:00:07]} 10. dxc5 {[%emt 0:00:09]} Bxc5 {[%emt 0:00:02]} 11. Nc3 {[%emt 0:00:09]} Nxc3 {[%emt 0:00:07]} 12. Bxc3 {[%emt 0:00:02]} e5 {[%emt 0:00:08]} 13. Bc4+ {[%emt 0:00:07]} Kh8 {[%emt 0:00:00]} 14. h3 {[%emt 0:00:33]} Qe7 {[%emt 0:00:16]} 15. Rc1 {[%emt 0:00:14]} Bd7 {[%emt 0:00:11]} 16. Qe2 {[%emt 0:00:12]} Rad8 {[%emt 0:00:12]} 17. Rfd1 {[%emt 0:00:14]} a6 {[%emt 0:00:08]} 18. a4 {[%emt 0:00:02]} Ba3 {[%emt 0:00:09]} 19. Rc2 {[%emt 0:00:02]} Nb4 {[%emt 0:00:10]} 20. Rcd2 {[%emt 0:00:03]} Bc6 {[%emt 0:00:27]} 21. e4 {[%emt 0:00:31]} Rxd2 {[%emt 0:00:07]} 22. Bxd2 {[%emt 0:00:03]} Be8 {[%emt 0:00:16]} 23. Nh4 {[%emt 0:00:05]} Nc6 {[%emt 0:00:29]} 24. Be3 {[%emt 0:00:03]} Bf7 {[%emt 0:00:22]} 25. Nf5 {[%emt 0:00:06]} Qc7 {[%emt 0:00:03]} 26. Bxf7 {[%emt 0:00:04]} Qxf7 {[%emt 0:00:04]} 27. Qc2 {[%emt 0:00:03]} g6 {[%emt 0:00:05]} 28. Nd6 {[%emt 0:00:03]} Bxd6 {[%emt 0:00:02]} 29. Rxd6 {[%emt 0:00:01]} Rd8 {[%emt 0:00:04]} 30. Rxd8+ {[%emt 0:00:01]} Nxd8 {[%emt 0:00:00]} 31. Qc8 {[%emt 0:00:02]} Qg8 {[%emt 0:00:08]} 32. Bb6 {[%emt 0:00:08]} Ne6 {[%emt 0:00:02]} 33. Qxb7 {[%emt 0:00:01]} Nf4 {[%emt 0:00:01]} 34. Be3 {[%emt 0:00:03]} g5 {[%emt 0:00:03]} 35. Qxa6 {[%emt 0:00:03]} Kg7 {[%emt 0:00:02]} 36. Qb7+ {[%emt 0:00:01]} Kg6 {[%emt 0:00:02]} 37. Bxf4 {[%emt 0:00:02]} gxf4 {[%emt 0:00:01]} 38. a5 {[%emt 0:00:03]} f3 {[%emt 0:00:03]} 39. gxf3 {[%emt 0:00:02]} Kg5 {[%emt 0:00:03]} 40. a6 {[%emt 0:00:03]} Kf4+ {[%emt 0:00:02]} 41. Kf1 {[%emt 0:00:02]} Kxf3 {[%emt 0:00:02]} 42. Qb6 {[%emt 0:00:02]} Qg2+ {[%emt 0:00:02]} 43. Ke1 {[%emt 0:00:01]} Qg1+ {[%emt 0:00:02]} 44. Kd2 {[%emt 0:00:01]} Qb1 {[%emt 0:00:04]} 45. Qe3+ {[%emt 0:00:02]} Kg2 {[%emt 0:00:00]} 46. Qg3+ {[%emt 0:00:02]} Kh1 {[%emt 0:00:01]} 47. Qf3+ {[%emt 0:00:01]} Kh2 {[%emt 0:00:03]} 48. Qd3 {[%emt 0:00:07]} Qb2+ {[%emt 0:00:02]} 49. Ke3 {[%emt 0:00:03]} Qa3 {[%emt 0:00:02]} 50. b4 {[%emt 0:00:02]} Qxb4 {[%emt 0:00:01]} 51. Ke2 {[%emt 0:00:04]} Qa5 {[%emt 0:00:03]} 52. Qg3+ {[%emt 0:00:02]} Kh1 {[%emt 0:00:01]} 53. Qf3+ {[%emt 0:00:01]} Kh2 {[%emt 0:00:01]} 54. Qd3 {[%emt 0:00:01]} Qa2+ {[%emt 0:00:01]} 55. Kf3 {[%emt 0:00:02]} Kxh3 {[%emt 0:00:03]} 56. Qf1+ {[%emt 0:00:01]} Kh4 {[%emt 0:00:02]} 57. Qh1+ {[%emt 0:00:02]} Kg5 {[%emt 0:00:01]} 58. Qg2+ {[%emt 0:00:01]} Kh6 {[%emt 0:00:01]} 59. Qh3+ {[%emt 0:00:01]} Kg6 {[%emt 0:00:02]} 60. Qf5+ {[%emt 0:00:01]} Kg7 {[%emt 0:00:01]} 61. Qd7+ {[%emt 0:00:01]} Kg6 {[%emt 0:00:01]} 62. a7 {[%emt 0:00:01]} Qa3+ {[%emt 0:00:02]} 63. Kg2 {[%emt 0:00:01]} h5 {[%emt 0:00:01]} 64. Qe8+ {[%emt 0:00:01]} Kg5 {[%emt 0:00:01]} 65. a8=Q {[%emt 0:00:01]} Qd3 {[%emt 0:00:04]} 66. Qg8+ {[%emt 0:00:02]} Kf4 {[%emt 0:00:03]} 67. Qg3+ {[%emt 0:00:02]} 1-0

[Event "EWIBCC 2019"]
[Site "Monte-Carlo"]
[Date "2019.11.29"]
[Round "11.20"]
[White "Worek, Joanna"]
[Black "Nicoara, Malina"]
[Result "1-0"]
[WhiteElo "2316"]
[BlackElo "2066"]
[Annotator "NA"]
[PlyCount "47"]
[EventDate "2019.11.29"]
[EventType "swiss"]
[EventCountry "MNC"]
[SourceTitle "playchess.com"]
[Source "ChessBase"]
[SourceQuality "1"]
[TimeControl "180+2"]

1. e4 {[%emt 0:00:00]} Nf6 {[%emt 0:00:00]} 2. e5 {[%emt 0:00:02]} Nd5 {[%emt 0:00:00]} 3. d4 {[%emt 0:00:02]} d6 {[%emt 0:00:00]} 4. Nf3 {[%emt 0:00:02]} Nb6 {[%emt 0:00:02]} 5. Bd3 {[%emt 0:00:30]} g6 {[%emt 0:00:01]} 6. O-O {[%emt 0:00:03]} Bg7 {[%emt 0:00:01]} 7. Re1 {[%emt 0:00:07]} Bg4 {[%emt 0:00:01]} 8. h3 {[%emt 0:00:03]} Bxf3 {[%emt 0:00:03]} 9. Qxf3 {[%emt 0:00:02]} d5 {[%emt 0:00:06]} 10. b3 {[%emt 0:00:16]} O-O {[%emt 0:00:06]} 11. a4 {[%emt 0:00:01]} a5 {[%emt 0:00:02]} 12. Ba3 {[%emt 0:00:04]} Na6 {[%emt 0:00:20]} 13. c3 {[%emt 0:00:19]} c6 {[%emt 0:00:02]} 14. Nd2 {[%emt 0:00:02]} Nc7 {[%emt 0:00:05]} 15. Qe3 {[%emt 0:00:07]} Re8 {[%emt 0:00:55]} 16. Nf3 {[%emt 0:00:04]} Ne6 {[%emt 0:00:06]} 17. Nh2 {[%emt 0:00:04]} h6 {[%emt 0:01:00]} 18. f4 {[%emt 0:00:01]} Nf8 {[%emt 0:00:07]} 19. f5 {[%emt 0:00:02]} Qc7 {[%emt 0:00:25]} 20. fxg6 {[%emt 0:00:10]} fxg6 {[%emt 0:00:01]} 21. Rf1 {[%emt 0:00:09]} Ne6 {[%emt 0:00:06]} 22. Bxg6 {[%emt 0:00:02]} Rf8 {[%emt 0:00:03]} 23. Ng4 {[%emt 0:00:03]} Ng5 {[%emt 0:00:06]} 24. h4 {[%emt 0:00:09]} 1-0

[Event "EWIBCC 2019"]
[Site "Monte-Carlo"]
[Date "2019.11.29"]
[Round "12.1"]
[White "Stefanova, Antoaneta"]
[Black "Kosteniuk, Alexandra"]
[Result "0-1"]
[WhiteElo "2481"]
[BlackElo "2483"]
[Annotator "ChessBase"]
[PlyCount "98"]
[EventDate "2019.11.29"]
[EventType "swiss"]
[EventCountry "MNC"]
[SourceTitle "playchess.com"]
[Source "ChessBase"]
[SourceQuality "1"]
[TimeControl "180+2"]

1. Nf3 {[%emt 0:00:00]} Nf6 {[%emt 0:00:00]} 2. g3 {[%emt 0:00:00]} b6 {[%emt 0:00:00]} 3. Bg2 Bb7 4. O-O {[%emt 0:00:02]} e6 {[%emt 0:00:00]} 5. c4 {[%emt 0:00:02]} Be7 {[%emt 0:00:01]} 6. Nc3 {[%emt 0:00:02]} O-O {[%emt 0:00:05]} 7. Re1 {[%emt 0:00:02]} d5 {[%emt 0:00:01]} 8. cxd5 {[%emt 0:00:02]} exd5 {[%emt 0:00:01]} 9. d4 {[%emt 0:00:03]} Na6 {[%emt 0:00:01]} 10. Ne5 {[%emt 0:00:02]} c5 {[%emt 0:00:05]} 11. e3 {[%emt 0:00:08]} Nc7 {[%emt 0:00:18]} 12. b3 {[%emt 0:00:07]} Ne6 {[%emt 0:00:06]} 13. Bb2 {[%emt 0:00:03]} cxd4 {[%emt 0:00:04]} 14. exd4 {[%emt 0:00:01]} Rc8 {[%emt 0:00:05]} 15. Bh3 {[%emt 0:00:08]} Bb4 {[%emt 0:00:15]} 16. Re3 {[%emt 0:00:23]} Ne4 {[%emt 0:00:16]} 17. Nxe4 {[%emt 0:00:07]} dxe4 {[%emt 0:00:01]} 18. Nxf7 {[%emt 0:00:41]} Kxf7 {[%emt 0:00:01]} 19. Qh5+ {[%emt 0:00:02]} Ke7 {[%emt 0:00:32]} 20. Qh4+ {[%emt 0:00:31]} g5 {[%emt 0:00:08]} 21. Qxh7+ {[%emt 0:01:16]} Rf7 22. Qg6 {[%emt 0:00:00]} Qd5 {[%emt 0:00:26]} 23. Bxe6 {[%emt 0:00:00]} Qxe6 {[%emt 0:00:01]} 24. Qxg5+ {[%emt 0:00:00]} Qf6 {[%emt 0:00:25]} 25. Qxf6+ {[%emt 0:00:00]} Kxf6 {[%emt 0:00:01]} 26. d5+ {[%emt 0:00:10]} Kf5 27. g4+ {[%emt 0:00:00]} Kxg4 {[%emt 0:00:05]} 28. Rxe4+ {[%emt 0:00:04]} Rf4 29. h3+ {[%emt 0:00:00]} Kf5 {[%emt 0:00:01]} 30. Re5+ {[%emt 0:00:00]} Kg6 {[%emt 0:00:01]} 31. Rd1 {[%emt 0:00:00]} Bc5 {[%emt 0:00:06]} 32. Rd2 {[%emt 0:00:00]} Rcf8 {[%emt 0:00:04]} 33. Ree2 {[%emt 0:00:00]} Bc8 {[%emt 0:00:11]} 34. Kg2 {[%emt 0:00:00]} Rg8 {[%emt 0:00:05]} 35. d6 {[%emt 0:00:01]} Bd7 {[%emt 0:00:06]} 36. Re7 {[%emt 0:00:03]} Rf7 {[%emt 0:00:01]} 37. f4 {[%emt 0:00:03]} Kf5+ {[%emt 0:00:04]} 38. Kh2 {[%emt 0:00:02]} Rxe7 {[%emt 0:00:01]} 39. dxe7 {[%emt 0:00:01]} Bc6 {[%emt 0:00:06]} 40. Re2 {[%emt 0:00:01]} Re8 {[%emt 0:00:06]} 41. Re5+ {[%emt 0:00:03]} Kxf4 {[%emt 0:00:01]} 42. Re6 {[%emt 0:00:01]} Bd7 {[%emt 0:00:03]} 43. Rf6+ {[%emt 0:00:01]} Ke4 {[%emt 0:00:03]} 44. Kg3 {[%emt 0:00:02]} Rxe7 {[%emt 0:00:07]} 45. Rf4+ {[%emt 0:00:03]} Kd5 {[%emt 0:00:00]} 46. Rh4 {[%emt 0:00:05]} Re3+ {[%emt 0:00:06]} 47. Kf4 {[%emt 0:00:05]} Re4+ {[%emt 0:00:01]} 48. Kg3 {[%emt 0:00:02]} Bf2+ {[%emt 0:00:01]} 49. Kxf2 {[%emt 0:00:01]} Rxh4 {[%emt 0:00:01]} 0-1

[Event "EWIBCC 2019"]
[Site "Monte-Carlo"]
[Date "2019.11.29"]
[Round "12.2"]
[White "Sebag, Marie"]
[Black "Muzychuk, Anna"]
[Result "1/2-1/2"]
[WhiteElo "2443"]
[BlackElo "2543"]
[Annotator "ChessBase"]
[PlyCount "48"]
[EventDate "2019.11.29"]
[EventType "swiss"]
[EventCountry "MNC"]
[SourceTitle "playchess.com"]
[Source "ChessBase"]
[SourceQuality "1"]
[TimeControl "180+2"]

1. e4 {[%emt 0:00:00]} e5 {[%emt 0:00:00]} 2. Nf3 {[%emt 0:03:04]} Nc6 3. Bb5 {[%emt 0:00:02]} a6 4. Ba4 Nf6 5. O-O {[%emt 0:00:00]} Nxe4 {[%emt 0:00:01]} 6. d4 {[%emt 0:00:00]} b5 {[%emt 0:00:00]} 7. Bb3 {[%emt 0:00:00]} d5 {[%emt 0:00:01]} 8. dxe5 {[%emt 0:00:00]} Be6 {[%emt 0:00:00]} 9. Qe2 {[%emt 0:00:00]} Nc5 {[%emt 0:00:13]} 10. Rd1 {[%emt 0:00:00]} Nxb3 {[%emt 0:00:03]} 11. axb3 {[%emt 0:00:00]} Be7 {[%emt 0:00:06]} 12. c4 {[%emt 0:00:00]} bxc4 {[%emt 0:00:44]} 13. bxc4 {[%emt 0:00:00]} Qd7 {[%emt 0:00:01]} 14. cxd5 {[%emt 0:00:00]} Bxd5 {[%emt 0:00:05]} 15. Nc3 {[%emt 0:00:00]} Bxf3 {[%emt 0:00:05]} 16. Qxf3 {[%emt 0:00:00]} Qe6 {[%emt 0:00:06]} 17. Nd5 {[%emt 0:00:00]} Rc8 {[%emt 0:00:05]} 18. Nxe7 {[%emt 0:00:00]} Nxe7 {[%emt 0:00:05]} 19. Qe2 {[%emt 0:00:00]} Ra8 {[%emt 0:00:09]} 20. Bg5 {[%emt 0:00:00]} O-O {[%emt 0:00:28]} 21. Bxe7 Qxe7 {[%emt 0:00:01]} 22. Rxa6 {[%emt 0:00:02]} Rxa6 {[%emt 0:00:01]} 23. Qxa6 {[%emt 0:00:01]} Qxe5 {[%emt 0:00:01]} 24. Qc4 {[%emt 0:00:02]} Qxb2 {[%emt 0:00:11]} 1/2-1/2

[Event "EWIBCC 2019"]
[Site "Monte-Carlo"]
[Date "2019.11.29"]
[Round "12.3"]
[White "Bodnaruk, Anastasia"]
[Black "Gunina, Valentina"]
[Result "0-1"]
[WhiteElo "2412"]
[BlackElo "2509"]
[Annotator "TA"]
[PlyCount "84"]
[EventDate "2019.11.29"]
[EventType "swiss"]
[EventCountry "MNC"]
[SourceTitle "playchess.com"]
[Source "ChessBase"]
[SourceQuality "1"]

{[%evp 12,88,26,23,32,28,34,35,36,31,66,48,87,68,80,80,83,41,62,52,43,44,41,47,53,39,41,46,53,2,50,41,58,57,85,0,59,31,51,-25,-8,-80,-68,-87,-99,-100,-98,-184,-36,-34,-45,-165,-170,-195,-196,-191,-195,-254,-250,-277,-268,-270,-272,-529,-514,-525,-515,-612,-606,-865,-851,-854,-818,-743,-698,-1116,-1066,-1505,-1300]} 1. e4 c6 2. d4 d5 3. e5 Bf5 4. Nf3 e6 5. Be2 Nd7 6. O-O h6 7. Nbd2 Ne7 {B12: Caro-Kann: Advance Variation} 8. c3 a5 9. a4 (9. Ne1 c5 10. Ndf3 Nc6 11. Bd3 Bxd3 12. Nxd3 Be7 13. Be3 cxd4 14. cxd4 O-O 15. Nd2 Qb6 {1-0 (82) Bodnaruk,A (2431)-Gunina,V (2506) Hengshui 2019}) 9... Qc7 {White is slightly better.} (9... g5 10. Ne1 Qb6 11. Nd3 Bg7 12. Nb3 O-O 13. Nbc5 Nxc5 14. Nxc5 {1-0 (50) Nepomniachtchi,I (2763)-Fedoseev,V (2724) Wijk aan Zee 2019}) 10. Re1 g5 11. Nf1 Bg7 12. Ng3 Bg6 13. Bd3 c5 14. Bxg6 {[#]} fxg6 $146 ({Predecessor:} 14... Nxg6 15. Nh5 Bf8 {0-1 (37) Volokitin,A (2649)-Martirosyan,H (2516) Minsk 2017}) 15. dxc5 Nxc5 16. Nd4 Qd7 17. Nb5 O-O 18. Be3 b6 19. Qc2 Kh7 20. Nh5 (20. f3 $14) 20... Nf5 (20... Bh8 {with more complications.} 21. Bd4 g4 22. Re2 Nc6 23. Rd1 Rac8) 21. Nxg7 Qxg7 22. Bd4 g4 23. Nd6 ({Better is} 23. Qd1 $16) 23... h5 (23... Qd7 $11) 24. Rad1 Rad8 25. Qd2 (25. Nxf5 $14 gxf5 26. b4) 25... Nxa4 26. b3 (26. Ra1 $11 {keeps the balance.} Qd7 27. Nxf5 Rxf5 28. Qc2) 26... Nc5 $17 27. Rb1 Rd7 28. Qg5 Qe7 29. Qd2 (29. Qxe7+ $17 {might work better.} Rxe7 30. Nxf5 Rxf5 31. b4 axb4 32. cxb4) 29... Rb8 (29... Nxd6 $19 30. exd6 Qxd6 31. Bxc5 bxc5) 30. b4 $15 axb4 31. cxb4 {[#]} ({White should try} 31. Rxb4 $15 Rc7 32. Rbb1) 31... Ne4 $1 $36 {[%cal Re4d2][%mdl 2560] Black has strong initiative.} 32. Qb2 (32. Nxe4 dxe4) 32... Nexd6 33. exd6 Nxd6 34. Bf6 {[#]} (34. Qb3 $142) 34... Qf7 $1 35. Rbc1 Nc4 36. Qd4 Rf8 37. Bh4 $2 (37. Be5) 37... e5 {Black is clearly winning.} 38. Qd3 b5 39. Ra1 Qf5 40. Qe2 g5 41. Bg3 h4 42. Bxe5 Re8 {Played: Rd7-e7} 0-1

[Event "EWIBCC 2019"]
[Site "Monte-Carlo"]
[Date "2019.11.29"]
[Round "12.5"]
[White "Michna, Marta"]
[Black "Bulmaga, Irina"]
[Result "0-1"]
[WhiteElo "2366"]
[BlackElo "2435"]
[Annotator "NA"]
[PlyCount "84"]
[EventDate "2019.11.29"]
[EventType "swiss"]
[EventCountry "MNC"]
[SourceTitle "playchess.com"]
[Source "ChessBase"]
[SourceQuality "1"]
[TimeControl "180+2"]

1. d4 {[%emt 0:00:00]} Nf6 {[%emt 0:00:00]} 2. c3 {[%emt 0:00:00]} b6 {[%emt 0:00:05]} 3. Nf3 {[%emt 0:00:02]} Bb7 {[%emt 0:00:01]} 4. Bf4 {[%emt 0:00:02]} d6 {[%emt 0:00:06]} 5. h3 {[%emt 0:00:07]} g6 {[%emt 0:00:02]} 6. Nbd2 {[%emt 0:00:02]} Bg7 {[%emt 0:00:01]} 7. Qc2 {[%emt 0:00:04]} Nbd7 {[%emt 0:00:06]} 8. e4 {[%emt 0:00:10]} O-O {[%emt 0:00:06]} 9. Be2 {[%emt 0:00:06]} e5 {[%emt 0:00:06]} 10. dxe5 {[%emt 0:00:02]} dxe5 {[%emt 0:00:14]} 11. Be3 {[%emt 0:00:01]} a5 {[%emt 0:00:05]} 12. O-O {[%emt 0:00:17]} Qe7 {[%emt 0:00:05]} 13. Rfe1 {[%emt 0:00:35]} Nc5 {[%emt 0:00:03]} 14. Bxc5 {[%emt 0:00:17]} Qxc5 {[%emt 0:00:02]} 15. a4 {[%emt 0:00:06]} Rad8 {[%emt 0:00:06]} 16. Bf1 {[%emt 0:00:17]} Nh5 {[%emt 0:00:17]} 17. Rad1 {[%emt 0:00:26]} Nf4 {[%emt 0:00:03]} 18. g3 {[%emt 0:00:15]} Nh5 {[%emt 0:00:02]} 19. Nb3 {[%emt 0:00:04]} Qe7 {[%emt 0:00:02]} 20. Bg2 {[%emt 0:00:05]} Bc6 {[%emt 0:00:20]} 21. Nbd2 {[%emt 0:00:03]} Qe6 {[%emt 0:00:06]} 22. Ng5 {[%emt 0:00:05]} Qe7 {[%emt 0:00:04]} 23. Ngf3 Rd7 {[%emt 0:01:44]} 24. Nh2 {[%emt 0:00:13]} Rfd8 {[%emt 0:00:00]} 25. Nc4 {[%emt 0:00:02]} Qe6 {[%emt 0:00:00]} 26. Rxd7 {[%emt 0:00:03]} Qxd7 {[%emt 0:00:00]} 27. Ne3 {[%emt 0:00:04]} Bxa4 {[%emt 0:00:00]} 28. Qb1 {[%emt 0:00:01]} Bc6 {[%emt 0:00:00]} 29. Nd5 {[%emt 0:00:01]} Nf6 {[%emt 0:00:00]} 30. c4 {[%emt 0:00:00]} b5 {[%emt 0:00:00]} 31. Nf3 {[%emt 0:00:05]} Nxd5 {[%emt 0:00:00]} 32. exd5 {[%emt 0:00:01]} Bb7 {[%emt 0:00:00]} 33. Nxe5 {[%emt 0:00:01]} Qd6 {[%emt 0:00:00]} 34. c5 {[%emt 0:00:19]} Qxc5 {[%emt 0:00:00]} 35. Nc6 {[%emt 0:00:03]} Bxc6 {[%emt 0:00:00]} 36. dxc6 {[%emt 0:00:00]} h5 {[%emt 0:00:00]} 37. h4 {[%emt 0:00:01]} Qb4 {[%emt 0:00:00]} 38. Kh2 {[%emt 0:00:02]} a4 {[%emt 0:00:00]} 39. Qe4 {[%emt 0:00:03]} Qxe4 {[%emt 0:00:01]} 40. Rxe4 {[%emt 0:00:01]} Bxb2 {[%emt 0:00:33]} 41. Rb4 a3 {[%emt 0:00:00]} 42. Rxb5 {[%emt 0:00:18]} a2 {[%emt 0:00:00]} 0-1

[Event "EWIBCC 2019"]
[Site "Monte-Carlo"]
[Date "2019.11.29"]
[Round "12.6"]
[White "Zhukova, Natalia"]
[Black "Paehtz, Elisabeth"]
[Result "1-0"]
[WhiteElo "2323"]
[BlackElo "2484"]
[Annotator "ChessBase"]
[PlyCount "63"]
[EventDate "2019.11.29"]
[EventType "swiss"]
[EventCountry "MNC"]
[SourceTitle "playchess.com"]
[Source "ChessBase"]
[SourceQuality "1"]
[TimeControl "180+2"]

1. c4 {[%emt 0:00:00]} b6 {[%emt 0:00:00]} 2. Nc3 {[%emt 0:00:01]} Bb7 {[%emt 0:00:00]} 3. e4 {[%emt 0:00:02]} e6 {[%emt 0:00:00]} 4. Nf3 {[%emt 0:00:12]} Bb4 {[%emt 0:00:03]} 5. Bd3 {[%emt 0:00:01]} Bxc3 {[%emt 0:00:06]} 6. dxc3 {[%emt 0:00:02]} d6 {[%emt 0:00:03]} 7. O-O {[%emt 0:00:03]} e5 {[%emt 0:00:02]} 8. b4 {[%emt 0:00:26]} Nd7 {[%emt 0:00:02]} 9. a4 {[%emt 0:00:16]} Ngf6 {[%emt 0:00:05]} 10. Qe2 {[%emt 0:00:08]} a5 {[%emt 0:00:06]} 11. Nh4 {[%emt 0:00:12]} Nf8 {[%emt 0:00:35]} 12. c5 {[%emt 0:00:20]} Ne6 {[%emt 0:00:10]} 13. cxd6 {[%emt 0:00:11]} cxd6 {[%emt 0:00:08]} 14. Bb5+ {[%emt 0:00:09]} Kf8 {[%emt 0:00:07]} 15. Bd3 {[%emt 0:00:12]} axb4 {[%emt 0:00:11]} 16. cxb4 {[%emt 0:00:04]} Nd4 {[%emt 0:00:05]} 17. Qe3 {[%emt 0:00:12]} h6 {[%emt 0:00:32]} 18. Bb2 {[%emt 0:00:17]} g5 {[%emt 0:00:02]} 19. Nf5 {[%emt 0:00:20]} Nxf5 {[%emt 0:00:02]} 20. exf5 {[%emt 0:00:01]} Kg7 {[%emt 0:00:04]} 21. Rfd1 {[%emt 0:00:13]} Nd5 {[%emt 0:00:18]} 22. Qf3 {[%emt 0:00:07]} Bc6 {[%emt 0:00:38]} 23. Be4 {[%emt 0:00:02]} Qf6 {[%emt 0:00:10]} 24. Bxd5 Bxd5 {[%emt 0:00:01]} 25. Rxd5 {[%emt 0:00:04]} Rhd8 {[%emt 0:00:03]} 26. h3 {[%emt 0:00:02]} Rac8 {[%emt 0:00:01]} 27. Rad1 {[%emt 0:00:06]} Rc4 {[%emt 0:00:02]} 28. Bxe5 {[%emt 0:00:05]} dxe5 {[%emt 0:00:04]} 29. Rxd8 {[%emt 0:00:01]} Rf4 {[%emt 0:00:02]} 30. Qa8 {[%emt 0:00:01]} Qxf5 {[%emt 0:00:03]} 31. Rg8+ {[%emt 0:00:02]} Kf6 {[%emt 0:00:02]} 32. Qd8+ {[%emt 0:00:03]} 1-0